Official U.S. State Foods & Beverages - Statistics

General Stats
  • This quiz has been taken 46 times
  • The average score is 27 of 62
Answer Stats
State Foods and/or Beverages % Correct
Florida Key lime pie or orange
88%
New York - Food Apple
82%
Washington Apple
82%
West Virginia Golden delicious apple
82%
Illinois Gold rush apple or popcorn
82%
Minnesota - Fruit Honeycrisp apple
82%
Alabama - Food Pecan, blackberry, or peach
82%
Georgia Grits or peach
79%
South Carolina - Fruit Peach
74%
Idaho - Vegetable Potato
74%
New Hampshire - Vegetable White potato
74%
Wisconsin - Food Corn
65%
Minnesota - Muffin Blueberry muffin
59%
Louisiana - Beverage Milk
59%
Maryland - Beverage Milk
59%
Mississippi - Beverage Milk
59%
Nebraska - Beverage Milk
59%
New York - Beverage Milk
59%
North Carolina - Beverage Milk
59%
North Dakota - Beverage Milk
59%
Oklahoma - Beverage Milk
59%
Oregon - Beverage Milk
59%
Pennsylvania - Beverage Milk
59%
South Carolina - Beverage Milk
59%
South Dakota - Beverage Milk
59%
Tennessee - Beverage Milk
59%
Vermont - Beverage Milk
59%
Virginia - Beverage Milk
59%
Wisconsin - Beverage Milk
59%
New Jersey Northern highbush blueberry
59%
Washington DC - Food Cherry
56%
Oklahoma - Fruit Strawberry
56%
Delaware Strawberry or peach custard pie
56%
Tennessee - Food Tomato
50%
Kentucky Blackberry
47%
New Hampshire - Berry Blackberry
47%
North Carolina - Food Scuppernong grape or sweet potato
41%
New Hampshire - Fruit Pumpkin
38%
Oregon - Food Pear
35%
Arkansas Pecan
32%
Oklahoma - Vegetable Watermelon
32%
Missouri Ice cream
29%
Texas Chili
26%
Massachusetts Cranberry, corn muffin, navy bean, Bostom cream pie, chocolate chip cookie, or Boston cream doughnut
24%
Vermont - Food Apple pie
18%
Maryland - Food Blue crab or Smith Island cake
15%
Mississippi - Food Sweet potato
15%
Maine Blueberry pie or whoopie pie
12%
New Mexico Chile peppers, pinto beans, or biscochitos
12%
Nebraska - Soft Drink Kool-Aid
12%
Rhode Island - Beverage Coffee milk
9%
Idaho - Fruit Huckleberry
9%
Hawai'i Kalo (taro)
9%
Indiana Sugar cream pie
9%
Pennsylvania - Food Chocolate chip cookie
6%
Minnesota - Mushroom Morel
6%
Ohio - Beverage Tomato juice
6%
South Carolina - Snack Boiled peanuts
3%
South Carolina - Vegetable Collard greens
3%
Alabama - Beverage Conecuh Ridge whiskey
3%
Virginia - Hard Beverage George Washington's rye whiskey
3%
Washington DC - Beverage Rickey
3%
No matching quizzes found
Score Distribution
Percent of People with Each Score
Percentile by Number Answered
Your Score History
You have not taken this quiz